000 nam a22 a 4500
999 _c328843
_d328843
003 BLK
005 20210719131841.0
008 190211b bu |||||r|||| 00| | bu d
040 _aBLK
041 _aBUL
_cBUL
080 _aАвстрийска литература
_b821.112(436)
_x-31
_z821.112(436)-31
100 _9265498
_aЦвайг, Стефан
_eпърви автор
139 _aЦвайг, Стефан
_bЦ 29
245 _aАмок
_bРоман
_cСтефан Цвайг ; прев. от фр. Стефан Пейков
260 _9215597
_aСофия
_bсп. Икономия и домакинство
_c1930
_f(София : Стоп. развитие)
300 _a71 с.
_c20 см
380 _aX
490 _9204474
_aБиблиотека Избрани съчинения
500 _aБезпл. прил. на сп. Икономия и домакинство, Г. 9, бр. 5
700 _91177
_aПейков, Стефан Костов
_eпрев. от фр.
852 _aЦб 305006
_bО
852 _aЦб 8.190.34534
_bО
942 _cKNG
_n0
_s1
944 _aED
_c2021-07-19
_kВК
999 _d328843
999 _d328843